[Event "1.CLZ 14/15,Unichess A-Lysa nad Labem B"]
[Site "Praha"]
[Date "2015.03.01"]
[Round "9.1"]
[White "Nguyen Thai Dai, Van"]
[Black "Suran, Jan"]
[Result "1/2-1/2"]
[BlackElo "2379"]
[WhiteElo "2256"]
[LiveChessVersion "1.4.4"]

1. e4 {[%clk 1:30:56]} c5 {[%clk 1:30:47]} 2. Nf3 {[%clk 1:31:20]} e6
{[%clk 1:30:54]} 3. d4 {[%clk 1:31:34]} cxd4 {[%clk 1:31:20]} 4. Nxd4
{[%clk 1:31:57]} Nc6 {[%clk 1:31:12]} 5. Nc3 {[%clk 1:32:01]} d6 {[%clk 1:31:16]}
6. Be2 {[%clk 1:24:53]} Nf6 {[%clk 1:29:48]} 7. Be3 {[%clk 1:22:48]} Be7
{[%clk 1:30:00]} 8. O-O {[%clk 1:14:48]} O-O {[%clk 1:30:02]} 9. Kh1
{[%clk 1:03:04]} Bd7 {[%clk 1:12:35]} 10. Nb3 {[%clk 0:58:25]} a6
{[%clk 1:08:55]} 11. f4 {[%clk 0:54:24]} b5 {[%clk 1:05:29]} 12. a3
{[%clk 0:53:57]} b4 {[%clk 0:47:53]} 13. axb4 {[%clk 0:54:17]} Nxb4
{[%clk 0:48:22]} 14. e5 {[%clk 0:44:13]} Nfd5 {[%clk 0:43:54]} 15. Nxd5
{[%clk 0:42:25]} Nxd5 {[%clk 0:44:20]} 16. Bd4 {[%clk 0:42:48]} dxe5
{[%clk 0:41:20]} 17. fxe5 {[%clk 0:43:03]} a5 {[%clk 0:39:06]} 18. Bf3
{[%clk 0:36:01]} Bc6 {[%clk 0:37:29]} 19. Nd2 {[%clk 0:31:01]} Qc7
{[%clk 0:22:13]} 20. Ne4 {[%clk 0:29:16]} Rad8 {[%clk 0:18:33]} 21. Qe2
{[%clk 0:27:42]} a4 {[%clk 0:13:35]} 22. c3 {[%clk 0:23:31]} Rd7 {[%clk 0:08:58]}
23. Nf6+ {[%clk 0:19:38]} Nxf6 {[%clk 0:05:55]} 24. exf6 {[%clk 0:18:23]} Bxf6
{[%clk 0:05:02]} 25. Bxf6 {[%clk 0:16:29]} gxf6 {[%clk 0:05:24]} 26. Bxc6
{[%clk 0:16:31]} Qxc6 {[%clk 0:05:53]} 27. Rxf6 {[%clk 0:15:47]} Rd5
{[%clk 0:02:41]} 28. Qg4+ {[%clk 0:10:59]} Kh8 {[%clk 0:03:10]} 29. Raf1
{[%clk 0:10:39]} Rg8 {[%clk 0:03:07]} 30. Qf3 {[%clk 0:09:14]} Rc5
{[%clk 0:02:16]} 31. Rxf7 {[%clk 0:06:03]} Qxf3 {[%clk 0:02:41]} 32. R7xf3
{[%clk 0:03:55]} Rb5 {[%clk 0:03:01]} 33. R3f2 {[%clk 0:02:34]} Rgb8
{[%clk 0:03:18]} 34. Kg1 {[%clk 0:00:37]} Rxb2 {[%clk 0:03:37]} 35. Rxb2
{[%clk 0:00:55]} Rxb2 {[%clk 0:04:06]} 36. Ra1 {[%clk 0:01:10]} Rc2
{[%clk 0:03:33]} 37. Rxa4 {[%clk 0:01:31]} Rxc3 {[%clk 0:03:59]} 38. Ra7
{[%clk 0:01:32]} Kg8 {[%clk 0:03:14]} 1/2-1/2

[Event "1.CLZ 14/15,Unichess A-Lysa nad Labem B"]
[Site "Praha"]
[Date "2015.03.01"]
[Round "9.2"]
[White "Spacek, Petr"]
[Black "Cernousek, Lukas"]
[Result "0-1"]
[BlackElo "2453"]
[WhiteElo "2394"]
[LiveChessVersion "1.4.4"]

1. d4 {[%clk 1:30:58]} Nf6 {[%clk 1:30:54]} 2. c4 {[%clk 1:31:12]} g6
{[%clk 1:24:52]} 3. Nc3 {[%clk 1:28:17]} d5 {[%clk 1:25:15]} 4. Bf4
{[%clk 1:27:09]} Bg7 {[%clk 1:25:28]} 5. e3 {[%clk 1:27:17]} c5 {[%clk 1:24:59]}
6. dxc5 {[%clk 1:27:20]} Qa5 {[%clk 1:25:15]} 7. Rc1 {[%clk 1:26:14]} dxc4
{[%clk 1:25:23]} 8. Bxc4 {[%clk 1:26:19]} O-O {[%clk 1:23:24]} 9. Nge2
{[%clk 1:25:26]} Nc6 {[%clk 1:18:35]} 10. O-O {[%clk 1:24:07]} Qxc5
{[%clk 1:18:59]} 11. Nb5 {[%clk 1:23:29]} Qh5 {[%clk 1:18:27]} 12. Nec3
{[%clk 1:10:26]} Bg4 {[%clk 1:15:29]} 13. f3 {[%clk 1:09:33]} Bd7
{[%clk 1:15:47]} 14. Qe2 {[%clk 0:46:24]} Rad8 {[%clk 1:11:35]} 15. Rfd1
{[%clk 0:40:44]} a6 {[%clk 1:07:45]} 16. Nc7 {[%clk 0:40:10]} e5 {[%clk 0:52:46]}
17. Bg3 {[%clk 0:39:57]} e4 {[%clk 0:53:09]} 18. Bd5 {[%clk 0:29:46]} Nxd5
{[%clk 0:35:22]} 19. Rxd5 {[%clk 0:30:05]} exf3 {[%clk 0:35:40]} 20. gxf3
{[%clk 0:30:24]} Ne5 {[%clk 0:34:47]} 21. Rcd1 {[%clk 0:22:41]} Nxf3+
{[%clk 0:17:12]} 22. Kf2 {[%clk 0:22:39]} Qh3 {[%clk 0:16:23]} 23. Qxf3
{[%clk 0:22:17]} Bg4 {[%clk 0:16:47]} 24. Qg2 {[%clk 0:21:47]} Qxg2+
{[%clk 0:16:41]} 25. Kxg2 {[%clk 0:22:16]} Bxd1 {[%clk 0:16:58]} 26. Nxd1
{[%clk 0:22:02]} Rxd5 {[%clk 0:16:20]} 27. Nxd5 {[%clk 0:22:30]} Rd8
{[%clk 0:16:33]} 28. e4 {[%clk 0:22:17]} f5 {[%clk 0:15:30]} 29. Kf3
{[%clk 0:22:14]} Kf7 {[%clk 0:12:57]} 30. Bh4 {[%clk 0:21:33]} fxe4+
{[%clk 0:05:28]} 31. Kxe4 {[%clk 0:22:01]} Re8+ {[%clk 0:05:48]} 32. Kd3
{[%clk 0:22:18]} g5 {[%clk 0:06:09]} 33. Bf2 {[%clk 0:18:03]} Be5
{[%clk 0:02:40]} 34. h3 {[%clk 0:15:20]} Rd8 {[%clk 0:00:49]} 35. Kc4
{[%clk 0:05:38]} Ke6 {[%clk 0:00:40]} 36. N1c3 {[%clk 0:04:47]} Rc8+
{[%clk 0:00:34]} 37. Bc5 {[%clk 0:03:13]} h5 {[%clk 0:00:36]} 38. Kb4
{[%clk 0:02:32]} g4 {[%clk 0:00:35]} 39. hxg4 {[%clk 0:02:51]} hxg4
{[%clk 0:00:43]} 40. Ne3 {[%clk 0:02:49]} g3 {[%clk 0:00:46]} 41. Ne2
{[%clk 0:29:44]} Rg8 {[%clk 0:26:40]} 42. Nc4 {[%clk 0:13:22]} Bc7
{[%clk 0:24:46]} 43. Nd2 {[%clk 0:12:07]} g2 {[%clk 0:16:06]} 44. Kc4
{[%clk 0:09:57]} Rd8 {[%clk 0:10:54]} 45. Nf3 {[%clk 0:09:39]} Rd1
{[%clk 0:10:17]} 46. Kc3 {[%clk 0:09:11]} Kd5 {[%clk 0:08:47]} 47. b4
{[%clk 0:07:15]} Ke4 {[%clk 0:05:54]} 48. Nd2+ {[%clk 0:04:41]} Kf5
{[%clk 0:06:23]} 49. Kc2 {[%clk 0:04:58]} Re1 {[%clk 0:05:58]} 50. Kd3
{[%clk 0:04:13]} Kg4 {[%clk 0:06:01]} 51. a4 {[%clk 0:03:33]} Bh2
{[%clk 0:03:55]} 52. a5 {[%clk 0:03:29]} Rd1 {[%clk 0:02:42]} 53. Kc2
{[%clk 0:03:37]} Re1 {[%clk 0:02:04]} 54. Kd3 g1=Q {[%clk 0:01:57]} 55. Bxg1
{[%clk 0:03:18]} Bxg1 {[%clk 0:02:26]} 56. Nxg1 {[%clk 0:03:43]} Rxg1
{[%clk 0:02:52]} 57. Ne4 {[%clk 0:03:21]} Kf4 {[%clk 0:00:43]} 58. Nc5
{[%clk 0:03:35]} Ke5 {[%clk 0:00:43]} 59. Nxb7 {[%clk 0:03:50]} Kd5
{[%clk 0:01:07]} 60. Nc5 {[%clk 0:04:00]} Rg3+ {[%clk 0:01:27]} 61. Kc2
{[%clk 0:03:56]} Kc4 {[%clk 0:01:06]} 62. Nxa6 {[%clk 0:04:16]} Rg2+
{[%clk 0:01:31]} 63. Kd1 {[%clk 0:04:29]} Ra2 {[%clk 0:00:41]} 64. Nc5
{[%clk 0:03:00]} Kxb4 {[%clk 0:01:09]} 65. Ne4 {[%clk 0:03:15]} Kc4
{[%clk 0:01:15]} 66. a6 {[%clk 0:03:08]} Kd4 {[%clk 0:01:20]} 67. Ng3
{[%clk 0:02:43]} Ke3 {[%clk 0:01:23]} 68. Nf5+ {[%clk 0:01:54]} Ke4
{[%clk 0:00:46]} 69. Nd6+ {[%clk 0:01:56]} Kd3 {[%clk 0:00:58]} 70. Ke1
{[%clk 0:01:56]} Ra1+ {[%clk 0:01:00]} 71. Kf2 {[%clk 0:02:23]} Rxa6
{[%clk 0:01:18]} 72. Ne8 {[%clk 0:01:36]} Re6 {[%clk 0:00:52]} 73. Nc7
{[%clk 0:01:58]} Re5 {[%clk 0:00:39]} 74. Kf3 {[%clk 0:02:11]} Kc4
{[%clk 0:00:53]} 75. Kf4 {[%clk 0:01:30]} Re7 {[%clk 0:01:17]} 0-1

[Event "1.CLZ 14/15,Unichess A-Lysa nad Labem B"]
[Site "Praha"]
[Date "2015.03.01"]
[Round "9.3"]
[White "Simek, Petr"]
[Black "Priehoda, Vitezslav"]
[Result "1/2-1/2"]
[BlackElo "2363"]
[WhiteElo "2383"]
[LiveChessVersion "1.4.4"]

1. d4 {[%clk 1:30:57]} e6 {[%clk 1:30:55]} 2. c4 {[%clk 1:31:07]} c5
{[%clk 1:31:12]} 3. d5 {[%clk 1:31:29]} exd5 {[%clk 1:31:41]} 4. cxd5
{[%clk 1:31:49]} d6 {[%clk 1:32:09]} 5. Nc3 {[%clk 1:32:03]} a6 {[%clk 1:32:34]}
6. a4 {[%clk 1:32:06]} g6 {[%clk 1:32:59]} 7. Nf3 {[%clk 1:32:08]} Bg7
{[%clk 1:33:22]} 8. g3 {[%clk 1:32:19]} Ne7 {[%clk 1:33:40]} 9. Bg2
{[%clk 1:32:41]} O-O {[%clk 1:34:08]} 10. O-O {[%clk 1:32:43]} Nf5
{[%clk 1:29:55]} 11. h3 {[%clk 1:12:22]} Re8 {[%clk 1:19:26]} 12. Bf4
{[%clk 0:45:49]} f6 {[%clk 1:12:20]} 13. g4 {[%clk 0:44:18]} Nh6 {[%clk 1:07:01]}
14. e4 {[%clk 0:40:00]} Nf7 {[%clk 1:05:45]} 15. Nd2 {[%clk 0:40:07]} Nd7
{[%clk 1:05:48]} 16. Re1 {[%clk 0:37:38]} Nde5 {[%clk 0:52:46]} 17. Bg3
{[%clk 0:35:52]} g5 {[%clk 0:34:29]} 18. Qc2 {[%clk 0:26:03]} b6 {[%clk 0:30:12]}
19. Ne2 {[%clk 0:24:55]} Bd7 {[%clk 0:28:32]} 20. f4 {[%clk 0:24:24]} Ng6
{[%clk 0:27:11]} 21. Nc4 {[%clk 0:19:39]} b5 {[%clk 0:21:18]} 22. axb5
{[%clk 0:19:50]} Bxb5 {[%clk 0:20:04]} 23. Ra2 {[%clk 0:18:01]} gxf4
{[%clk 0:17:38]} 24. Nxf4 {[%clk 0:18:19]} Nxf4 {[%clk 0:17:41]} 25. Bxf4
{[%clk 0:18:44]} Ne5 {[%clk 0:10:36]} 26. b3 {[%clk 0:13:48]} Bxc4
{[%clk 0:06:36]} 27. bxc4 {[%clk 0:14:12]} Re7 {[%clk 0:04:46]} 28. Rb1
{[%clk 0:14:31]} a5 {[%clk 0:04:02]} 29. Rb5 {[%clk 0:12:46]} Qf8
{[%clk 0:03:00]} 30. Raxa5 {[%clk 0:03:51]} Rxa5 {[%clk 0:03:23]} 31. Rxa5
{[%clk 0:04:18]} Bh6 {[%clk 0:03:34]} 32. Bg3 {[%clk 0:03:16]} Be3+
{[%clk 0:03:36]} 33. Kh1 {[%clk 0:03:37]} Bd4 {[%clk 0:03:26]} 34. Bf4
{[%clk 0:02:09]} Rb7 {[%clk 0:02:45]} 35. Rb5 {[%clk 0:02:16]} Qa8
{[%clk 0:01:26]} 36. Qb1 {[%clk 0:01:52]} Rxb5 {[%clk 0:01:55]} 37. cxb5
{[%clk 0:02:16]} c4 {[%clk 0:02:12]} 38. b6 {[%clk 0:01:08]} Qb7 {[%clk 0:02:24]}
39. Bf1 {[%clk 0:00:46]} Qxb6 {[%clk 0:01:12]} 40. Qxb6 {[%clk 0:01:07]} Bxb6
{[%clk 0:01:41]} 41. Bxe5 {[%clk 0:00:33]} fxe5 {[%clk 0:32:39]} 1/2-1/2

[Event "1.CLZ 14/15,Unichess A-Lysa nad Labem B"]
[Site "Praha"]
[Date "2015.03.01"]
[Round "9.4"]
[White "Cerveny, Martin"]
[Black "Vavra, Pavel"]
[Result "1-0"]
[BlackElo "2333"]
[WhiteElo "2400"]
[LiveChessVersion "1.4.4"]

1. d4 {[%clk 1:30:56]} d5 {[%clk 1:27:46]} 2. c4 {[%clk 1:26:07]} c6
{[%clk 1:28:10]} 3. e3 {[%clk 1:26:12]} Nf6 {[%clk 1:27:58]} 4. Nc3
{[%clk 1:26:28]} e6 {[%clk 1:24:22]} 5. Nf3 {[%clk 1:26:51]} Nbd7
{[%clk 1:24:45]} 6. Bd3 {[%clk 1:27:07]} dxc4 {[%clk 1:25:09]} 7. Bxc4
{[%clk 1:27:32]} b5 {[%clk 1:25:32]} 8. Bd3 {[%clk 1:27:56]} a6 {[%clk 1:25:55]}
9. e4 {[%clk 1:27:21]} c5 {[%clk 1:26:18]} 10. e5 {[%clk 1:27:39]} cxd4
{[%clk 1:26:27]} 11. Nxb5 {[%clk 1:27:57]} Ng4 {[%clk 1:26:30]} 12. Qa4
{[%clk 1:27:40]} Ngxe5 {[%clk 1:23:29]} 13. Nxe5 {[%clk 1:23:41]} Nxe5
{[%clk 1:19:54]} 14. Nd6+ {[%clk 1:23:47]} Ke7 {[%clk 1:20:15]} 15. Nxc8+
{[%clk 1:21:13]} Rxc8 {[%clk 1:19:48]} 16. Bxa6 {[%clk 1:21:35]} Ra8
{[%clk 1:19:53]} 17. Qb5 {[%clk 1:21:58]} f6 {[%clk 1:19:07]} 18. f4
{[%clk 1:18:09]} Rb8 {[%clk 1:03:04]} 19. Qa4 {[%clk 1:12:51]} Nd7
{[%clk 0:58:07]} 20. b4 {[%clk 1:05:03]} Nb6 {[%clk 0:40:18]} 21. Qc2
{[%clk 0:44:31]} Nd5 {[%clk 0:33:25]} 22. a3 {[%clk 0:42:18]} Qd6
{[%clk 0:32:12]} 23. Bc4 {[%clk 0:40:52]} Rc8 {[%clk 0:31:04]} 24. Qb3
{[%clk 0:38:19]} Nb6 {[%clk 0:17:31]} 25. Bd3 {[%clk 0:35:42]} Qd5
{[%clk 0:15:16]} 26. Qxd5 {[%clk 0:35:45]} Nxd5 {[%clk 0:15:41]} 27. Bd2
{[%clk 0:35:50]} Kf7 {[%clk 0:14:10]} 28. Ke2 {[%clk 0:32:50]} Bd6
{[%clk 0:13:42]} 29. Kf3 {[%clk 0:32:59]} e5 {[%clk 0:06:55]} 30. fxe5
{[%clk 0:32:20]} fxe5 {[%clk 0:07:09]} 31. Rhc1 {[%clk 0:31:51]} Nc3
{[%clk 0:05:13]} 32. Bxc3 {[%clk 0:31:42]} dxc3 {[%clk 0:05:36]} 33. Ke4
{[%clk 0:31:08]} Ke7 {[%clk 0:05:10]} 34. Rab1 {[%clk 0:30:04]} Rhf8
{[%clk 0:03:48]} 35. g3 {[%clk 0:29:44]} Bb8 {[%clk 0:03:06]} 36. b5
{[%clk 0:29:20]} Rf6 {[%clk 0:01:40]} 37. a4 {[%clk 0:29:09]} Rd8
{[%clk 0:00:52]} 38. a5 {[%clk 0:26:56]} Rd4+ {[%clk 0:01:21]} 39. Ke3
{[%clk 0:27:20]} Ra4 {[%clk 0:00:39]} 40. Ra1 {[%clk 0:27:34]} Rxa1
{[%clk 0:00:35]} 41. Rxa1 {[%clk 0:27:58]} Bd6 {[%clk 0:18:11]} 42. Ke4
{[%clk 0:55:39]} Bc5 {[%clk 0:14:03]} 43. b6 {[%clk 0:53:37]} Rd6
{[%clk 0:13:52]} 44. Ra4 {[%clk 0:53:44]} Kd8 {[%clk 0:11:02]} 45. a6
{[%clk 0:53:35]} Bxb6 {[%clk 0:00:56]} 46. a7 {[%clk 0:54:00]} Bxa7
{[%clk 0:00:51]} 47. Rxa7 {[%clk 0:54:25]} h5 {[%clk 0:01:13]} 48. h4
{[%clk 0:53:09]} Rd4+ {[%clk 0:01:13]} 49. Ke3 {[%clk 0:53:33]} Rg4
{[%clk 0:01:39]} 50. Kf3 {[%clk 0:53:29]} g5 {[%clk 0:01:38]} 51. hxg5
{[%clk 0:53:28]} Rxg5 {[%clk 0:02:01]} 52. Ra4 {[%clk 0:51:28]} Rg7
{[%clk 0:01:11]} 53. Re4 {[%clk 0:50:02]} Rf7+ {[%clk 0:00:40]} 54. Ke3
{[%clk 0:41:48]} Rg7 {[%clk 0:01:08]} 55. Kf2 {[%clk 0:42:14]} Rf7+
{[%clk 0:01:32]} 56. Kg2 {[%clk 0:38:45]} Rd7 {[%clk 0:01:51]} 57. Bb5
{[%clk 0:35:32]} Rd5 {[%clk 0:00:46]} 58. Ba6 {[%clk 0:27:31]} Rc5
{[%clk 0:00:39]} 59. Re1 {[%clk 0:27:23]} Ke7 {[%clk 0:00:38]} 60. Bd3
{[%clk 0:26:33]} Kf6 {[%clk 0:00:38]} 61. Kh3 {[%clk 0:26:12]} Rd5
{[%clk 0:00:34]} 62. Be4 {[%clk 0:26:19]} Rd2 {[%clk 0:00:33]} 63. Re3
{[%clk 0:24:56]} Rd4 {[%clk 0:00:35]} 64. Bc2 {[%clk 0:24:34]} Rc4
{[%clk 0:00:59]} 65. Rf3+ {[%clk 0:24:58]} Kg7 {[%clk 0:00:46]} 66. Rf5
{[%clk 0:25:22]} e4 {[%clk 0:00:35]} 67. Rf4 {[%clk 0:24:21]} Kh6
{[%clk 0:00:36]} 68. Rxe4 {[%clk 0:24:17]} Rc5 {[%clk 0:01:00]} 69. Re6+
{[%clk 0:24:23]} Kg7 {[%clk 0:01:24]} 70. Kh4 {[%clk 0:24:46]} Rd5
{[%clk 0:01:31]} 71. Rc6 {[%clk 0:24:53]} Rd2 {[%clk 0:01:40]} 72. Rxc3
{[%clk 0:24:45]} Rh2+ {[%clk 0:02:03]} 73. Kg5 {[%clk 0:25:11]} h4
{[%clk 0:02:27]} 74. Rc7+ {[%clk 0:25:30]} Kf8 {[%clk 0:02:47]} 75. gxh4
{[%clk 0:25:46]} Kg8 {[%clk 0:02:32]} 76. Kf6 {[%clk 0:25:52]} 1-0

[Event "1.CLZ 14/15,Unichess A-Lysa nad Labem B"]
[Site "Praha"]
[Date "2015.03.01"]
[Round "9.5"]
[White "Kuba, Jindrich"]
[Black "Bednar, Marcel"]
[Result "0-1"]
[BlackElo "2294"]
[WhiteElo "2327"]
[LiveChessVersion "1.4.4"]

1. e4 {[%clk 1:30:58]} Nf6 {[%clk 1:30:15]} 2. e5 {[%clk 1:31:21]} Nd5
{[%clk 1:30:44]} 3. c4 {[%clk 1:30:30]} Nb6 {[%clk 1:31:11]} 4. c5
{[%clk 1:28:15]} Nd5 {[%clk 1:31:38]} 5. Nc3 {[%clk 1:28:42]} Nxc3
{[%clk 1:30:05]} 6. dxc3 {[%clk 1:29:03]} e6 {[%clk 1:29:24]} 7. Be3
{[%clk 1:29:01]} b6 {[%clk 1:29:13]} 8. Qf3 {[%clk 1:24:16]} Nc6 {[%clk 1:29:19]}
9. b4 {[%clk 1:16:26]} Bb7 {[%clk 1:28:01]} 10. cxb6 {[%clk 1:05:49]} axb6
{[%clk 1:27:33]} 11. Qg3 {[%clk 1:06:09]} Ra3 {[%clk 1:26:31]} 12. Bc1
{[%clk 1:06:16]} Rxc3 {[%clk 1:26:31]} 13. Nf3 {[%clk 1:03:07]} Nd4
{[%clk 1:16:09]} 0-1

[Event "1.CLZ 14/15,Unichess A-Lysa nad Labem B"]
[Site "Praha"]
[Date "2015.03.01"]
[Round "9.6"]
[White "Jurasek, Miroslav"]
[Black "Rehorek, Martin"]
[Result "1-0"]
[BlackElo "2293"]
[WhiteElo "2273"]
[LiveChessVersion "1.4.4"]

1. e4 {[%clk 1:30:30]} c5 {[%clk 1:31:20]} 2. Nc3 {[%clk 1:30:52]} a6
{[%clk 1:30:48]} 3. g3 {[%clk 1:30:40]} b5 {[%clk 1:30:54]} 4. Bg2
{[%clk 1:30:59]} Bb7 {[%clk 1:31:16]} 5. d3 {[%clk 1:27:43]} e6 {[%clk 1:31:16]}
6. f4 {[%clk 1:27:25]} h5 {[%clk 1:29:12]} 7. Nf3 {[%clk 1:26:18]} b4
{[%clk 1:28:13]} 8. Ne2 {[%clk 1:25:33]} Be7 {[%clk 1:28:31]} 9. h3
{[%clk 1:23:35]} d5 {[%clk 1:27:16]} 10. e5 {[%clk 1:22:43]} Nh6 {[%clk 1:27:12]}
11. Be3 {[%clk 1:17:21]} Nf5 {[%clk 1:16:24]} 12. Bf2 {[%clk 1:17:17]} d4
{[%clk 1:16:32]} 13. Qd2 {[%clk 1:10:53]} Nc6 {[%clk 1:07:08]} 14. O-O-O
{[%clk 0:55:48]} a5 {[%clk 1:03:00]} 15. g4 {[%clk 0:55:31]} Nh6 {[%clk 0:56:30]}
16. Ng3 {[%clk 0:55:07]} a4 {[%clk 0:54:20]} 17. Nxh5 {[%clk 0:53:19]} Kf8
{[%clk 0:46:51]} 18. Qe1 {[%clk 0:44:59]} g6 {[%clk 0:41:46]} 19. Nf6
{[%clk 0:41:20]} Na5 {[%clk 0:33:53]} 20. Kb1 {[%clk 0:31:07]} Qb6
{[%clk 0:32:32]} 21. Nd7+ {[%clk 0:31:32]} 1-0

[Event "1.CLZ 14/15,Unichess A-Lysa nad Labem B"]
[Site "Praha"]
[Date "2015.03.01"]
[Round "9.7"]
[White "Havlikova, Kristyna"]
[Black "Munk, Petr"]
[Result "1-0"]
[BlackElo "2129"]
[WhiteElo "2249"]
[LiveChessVersion "1.4.4"]

1. e4 {[%clk 1:30:57]} e5 {[%clk 1:30:33]} 2. Nf3 {[%clk 1:31:18]} Nc6
{[%clk 1:30:53]} 3. Bb5 {[%clk 1:31:10]} a6 {[%clk 1:31:17]} 4. Ba4
{[%clk 1:31:34]} Nf6 {[%clk 1:31:33]} 5. O-O {[%clk 1:31:33]} b5 {[%clk 1:31:13]}
6. Bb3 {[%clk 1:31:54]} Bb7 {[%clk 1:31:32]} 7. d3 {[%clk 1:21:08]} Be7
{[%clk 1:31:31]} 8. a4 {[%clk 1:21:23]} b4 {[%clk 1:31:31]} 9. Nbd2
{[%clk 1:20:53]} O-O {[%clk 1:22:42]} 10. Nc4 {[%clk 1:18:04]} d6
{[%clk 1:22:53]} 11. c3 {[%clk 1:08:54]} Rb8 {[%clk 1:06:36]} 12. Re1
{[%clk 0:55:48]} Re8 {[%clk 0:58:22]} 13. a5 {[%clk 0:48:08]} Bf8
{[%clk 0:48:48]} 14. Bg5 {[%clk 0:39:46]} h6 {[%clk 0:49:05]} 15. Bh4
{[%clk 0:40:07]} bxc3 {[%clk 0:43:09]} 16. bxc3 {[%clk 0:40:31]} g5
{[%clk 0:41:24]} 17. Bg3 {[%clk 0:27:57]} Bc8 {[%clk 0:26:30]} 18. Ne3
{[%clk 0:25:51]} Ne7 {[%clk 0:24:45]} 19. Nd2 {[%clk 0:14:18]} Bg7
{[%clk 0:20:57]} 20. h4 {[%clk 0:11:20]} Ng6 {[%clk 0:14:20]} 21. hxg5
{[%clk 0:11:34]} hxg5 {[%clk 0:14:46]} 22. Rb1 {[%clk 0:12:00]} Be6
{[%clk 0:11:12]} 23. Bxe6 {[%clk 0:11:06]} fxe6 {[%clk 0:11:26]} 24. d4
{[%clk 0:10:37]} exd4 {[%clk 0:09:12]} 25. cxd4 {[%clk 0:10:59]} Nf4
{[%clk 0:09:35]} 26. Bxf4 {[%clk 0:07:56]} Rxb1 {[%clk 0:09:00]} 27. Qxb1
{[%clk 0:07:18]} gxf4 {[%clk 0:09:28]} 28. Nec4 {[%clk 0:06:39]} Qb8
{[%clk 0:06:25]} 29. Qd3 {[%clk 0:06:58]} Qb5 {[%clk 0:06:00]} 30. Rb1
{[%clk 0:07:01]} Qa4 {[%clk 0:04:46]} 31. e5 {[%clk 0:06:54]} dxe5
{[%clk 0:01:47]} 32. dxe5 {[%clk 0:06:04]} Nd5 {[%clk 0:02:01]} 33. Ne4
{[%clk 0:06:20]} Qd7 {[%clk 0:01:06]} 34. Ng5 {[%clk 0:06:00]} Nf6
{[%clk 0:00:47]} 35. Qg6 {[%clk 0:05:34]} Ng4 {[%clk 0:00:57]} 36. Ne4
{[%clk 0:03:58]} Rf8 {[%clk 0:00:56]} 37. Qxg4 {[%clk 0:04:13]} 1-0

[Event "1.CLZ 14/15,Unichess A-Lysa nad Labem B"]
[Site "Praha"]
[Date "2015.03.01"]
[Round "9.8"]
[White "Husarik, Branko"]
[Black "Kovar, Vojtech"]
[Result "0-1"]
[BlackElo "2238"]
[WhiteElo "2156"]
[LiveChessVersion "1.4.4"]

1. e4 {[%clk 1:21:31]} c5 {[%clk 1:30:46]} 2. Nf3 {[%clk 1:20:36]} d6
{[%clk 1:31:09]} 3. Bb5+ {[%clk 1:19:02]} Nd7 {[%clk 1:31:19]} 4. c4
{[%clk 1:18:03]} Ngf6 {[%clk 1:24:48]} 5. Nc3 {[%clk 1:18:16]} g6
{[%clk 1:25:13]} 6. O-O {[%clk 1:17:50]} Bg7 {[%clk 1:25:38]} 7. d3
{[%clk 1:13:54]} O-O {[%clk 1:25:39]} 8. Bg5 {[%clk 1:14:20]} Nb6
{[%clk 1:22:31]} 9. h3 {[%clk 1:08:54]} a6 {[%clk 1:19:53]} 10. Ba4
{[%clk 1:09:13]} Nxa4 {[%clk 1:20:19]} 11. Qxa4 {[%clk 1:08:58]} Rb8
{[%clk 1:19:06]} 12. Qc2 {[%clk 1:04:47]} b5 {[%clk 1:18:01]} 13. b3
{[%clk 1:05:05]} Ne8 {[%clk 0:42:52]} 14. Rab1 {[%clk 1:04:49]} Nc7
{[%clk 0:40:20]} 15. Qd2 {[%clk 1:01:58]} Bb7 {[%clk 0:27:33]} 16. Bh6
{[%clk 1:01:37]} b4 {[%clk 0:22:12]} 17. Bxg7 {[%clk 1:01:03]} Kxg7
{[%clk 0:22:37]} 18. Nd5 {[%clk 1:00:39]} e5 {[%clk 0:21:17]} 19. Nxc7
{[%clk 0:56:02]} Qxc7 {[%clk 0:21:45]} 20. Ne1 {[%clk 0:55:20]} f5
{[%clk 0:21:55]} 21. f3 {[%clk 0:55:45]} f4 {[%clk 0:19:03]} 22. g4
{[%clk 0:55:21]} h5 {[%clk 0:12:04]} 23. Rf2 {[%clk 0:45:50]} Rh8
{[%clk 0:11:42]} 24. Rb2 {[%clk 0:40:27]} Rh7 {[%clk 0:12:01]} 25. Kf1
{[%clk 0:37:36]} hxg4 {[%clk 0:10:48]} 26. hxg4 {[%clk 0:37:57]} Rh1+
{[%clk 0:11:14]} 27. Ke2 {[%clk 0:38:19]} Rbh8 {[%clk 0:10:59]} 28. Kd1
{[%clk 0:38:35]} Qd8 {[%clk 0:09:22]} 29. Rg2 {[%clk 0:38:27]} Bc6
{[%clk 0:07:20]} 30. Qf2 {[%clk 0:38:11]} a5 {[%clk 0:07:06]} 31. Rg1
{[%clk 0:35:25]} R1h7 {[%clk 0:07:28]} 32. Rb1 {[%clk 0:32:49]} a4
{[%clk 0:07:38]} 33. Kd2 {[%clk 0:31:55]} Kf6 {[%clk 0:07:53]} 34. Nc2
{[%clk 0:32:03]} Kg5 {[%clk 0:06:22]} 35. Rg2 {[%clk 0:30:08]} Rh3
{[%clk 0:05:20]} 36. Qe2 {[%clk 0:27:08]} R8h7 {[%clk 0:04:11]} 37. Rf1
{[%clk 0:27:03]} Qh8 {[%clk 0:04:23]} 38. Rff2 {[%clk 0:26:34]} Rh1
{[%clk 0:03:10]} 39. Rf1 {[%clk 0:18:16]} R1h4 {[%clk 0:03:38]} 40. Rff2
{[%clk 0:18:08]} Rh3 {[%clk 0:04:07]} 41. Kc1 {[%clk 0:16:45]} Rh1+
{[%clk 0:30:08]} 42. Rf1 {[%clk 0:47:54]} Rxf1+ {[%clk 0:30:12]} 43. Qxf1
{[%clk 0:48:20]} Rh1 {[%clk 0:30:38]} 44. Rg1 {[%clk 0:48:45]} Rh2
{[%clk 0:31:04]} 45. Kd1 {[%clk 0:33:21]} axb3 {[%clk 0:21:59]} 46. axb3
{[%clk 0:33:37]} Qa8 {[%clk 0:22:24]} 47. Rh1 {[%clk 0:32:15]} Qa2
{[%clk 0:21:37]} 48. Rxh2 {[%clk 0:27:58]} Qb1+ {[%clk 0:21:51]} 49. Kd2
{[%clk 0:27:46]} Qxf1 {[%clk 0:22:15]} 50. Ne1 {[%clk 0:28:07]} Bd7
{[%clk 0:21:57]} 51. Kd1 {[%clk 0:28:07]} Bxg4 {[%clk 0:20:52]} 52. Rg2
{[%clk 0:28:31]} Qxg2 {[%clk 0:21:17]} 0-1